Liedtext - Herzalarm - FiNCH feat. Blümchen - Statistiken

Allgemein
  • Dieses Quiz wurde 190 mal gespielt
  • Das Durchschnittsergebnis liegt bei 181 aus 306
Antwortstatistiken
Textquiz % Korrekt
Ich
90%
ich
90%
du
88%
Du
88%
Herzalarm
88%
mich
80%
Da
78%
da
78%
wir
77%
der
76%
Der
76%
den
74%
so
74%
wenn
73%
an
69%
aus
68%
werd
68%
Mein
67%
mein
67%
Und
66%
und
66%
küsst
63%
Spürst
63%
spürst
63%
ein
62%
ist
62%
Bahn
61%
im
61%
verrückt
61%
bin
59%
am
58%
wie
58%
Das
57%
In
57%
in
57%
wirfst
57%
dich
56%
es
56%
liebe
56%
Pulsschlag
56%
Sie
56%
die
55%
verliebt
55%
explodieren
54%
kurz
54%
dir
53%
hab
53%
vorm
52%
bei
50%
dein
50%
immer
49%
komm
49%
SOS
49%
bist
48%
kleiner
45%
auch
44%
Bum
44%
total
44%
um
44%
Achtung
43%
Bumerang
43%
nicht
43%
Ja
41%
mit
41%
Schon
41%
von
41%
explodiert
40%
Hand
40%
Satellit
40%
Alle
39%
heut
39%
hier
39%
warst
39%
Bauch
38%
bringst
38%
damals
38%
Damals
38%
gehen
38%
Körper
38%
Kribbeln
38%
nur
38%
Oh
38%
Zittern
38%
sind
37%
Poster
36%
Star
36%
Wand
36%
zu
36%
auf
35%
meinem
35%
absoluter
34%
Kommen
34%
Verstand
34%
weil
34%
Bravo
33%
heute
33%
Oder
33%
uns
32%
Alles
31%
Kinderzimmer
31%
voll
31%
eins
30%
drei
29%
Gebäude
29%
Lassen
29%
spricht
29%
zwei
29%
frag
28%
Herzpolizei
28%
Himmel
28%
passiert
28%
umstellt
28%
Blumen
27%
geträumt
27%
Armen
26%
blau
26%
Blühen
26%
magst
26%
wenn′s
26%
yeah
26%
Jungs
24%
Laune
24%
niedlich
24%
schlechte
24%
wirkt
24%
intensiv
23%
offenen
22%
fallen
21%
keine
21%
verrückte
21%
Wörter
17%
Find
16%
Keine übereinstimmenden Quizze gefunden
Verteilung der Resultate
Anzahl Personen mit jedem Resultat
Perzentil nach korrekt beantworteten Fragen
Ihre Resultats-Entwicklung
Sie haben dieses Quiz noch nicht gespielt